Catalogo de las piezas de teatro que se conservan en el Gabinete de Manuscritos de la Biblioteca Nacional (Record no. 6168)

MARC details
000 -LEADER
campo de control de longitud fija 00930nam a2200241 i 4500
001 - NÚMERO DE CONTROL
campo de control 6168
003 - IDENTIFICADOR DE NÚMERO DE CONTROL
campo de control ES-MaACL
005 - FECHA Y HORA DE LA ÚLTIMA TRANSACCIÓN
campo de control 20240301062528.0
007 - CAMPO FIJO DE DESCRIPCIÓN FÍSICA--INFORMACIÓN GENERAL
campo de control de longitud fija t|
008 - DATOS DE LONGITUD FIJA--INFORMACIÓN GENERAL
campo de control de longitud fija 890822s1989 sp ||||1| spa d
020 ## - NÚMERO INTERNACIONAL ESTÁNDAR DEL LIBRO
Número Internacional Estándar del Libro 84-7483-525-9
080 ## - NÚMERO DE LA CLASIFICACIÓN DECIMAL UNIVERSAL
Número de la Clasificación Decimal Universal 017.1(464.1) B.N.:2
080 ## - NÚMERO DE LA CLASIFICACIÓN DECIMAL UNIVERSAL
Número de la Clasificación Decimal Universal 2:017.1(464.1) B.N.
110 2# - ENTRADA PRINCIPAL--NOMBRE DE ENTIDAD CORPORATIVA
Nombre de entidad corporativa o nombre de jurisdicción como elemento de entrada Biblioteca Nacional (España)
9 (RLIN) 2188
245 10 - MENCIÓN DEL TÍTULO
Título Catalogo de las piezas de teatro que se conservan en el Gabinete de Manuscritos de la Biblioteca Nacional
Resto del título : tomo III (Suplemento e Indices).
260 ## - PUBLICACIÓN, DISTRIBUCIÓN, ETC.
Lugar de publicación, distribución, etc. Madrid :
Nombre del editor, distribuidor, etc. Direccion General del Libro y Bibliotecas,
Fecha de publicación, distribución, etc. 1989.
300 ## - DESCRIPCIÓN FÍSICA
Extensión 499 p. ;
Dimensiones 24 cm.
650 #4 - PUNTO DE ACCESO ADICIONAL DE MATERIA--TÉRMINO DE MATERIA
Término de materia o nombre geográfico como elemento de entrada Teatro español-
Subdivisión general Manuscritos-
Subdivisión de forma Bibliografías.
9 (RLIN) 17345
650 14 - PUNTO DE ACCESO ADICIONAL DE MATERIA--TÉRMINO DE MATERIA
Término de materia o nombre geográfico como elemento de entrada Manuscritos-
Subdivisión general Biblioteca Nacional (España)-
-- Catálogos.
9 (RLIN) 14753
710 1# - ENTRADA AGREGADA--NOMBRE DE ENTIDAD CORPORATIVA
Nombre de entidad corporativa o nombre de jurisdicción como elemento de entrada España.
Unidad subordinada Dirección General del Libro y Bibliotecas.
9 (RLIN) 3788
852 ## - LOCALIZACIÓN
Ubicación ES-MaACL
Número de control de estantería L-13356
Sublocalización o colección R.116706
Nota libre . - rust.
Holdings
Estatus retirado Estado de pérdida Estado de daño No para préstamo Biblioteca de origen Biblioteca actual Ubicación en estantería Fecha de adquisición Fuente de adquisición Total de préstamos Signatura topográfica completa Código de barras Visto por última vez Precio de reemplazo Tipo de ítem Koha
        Biblioteca del Ateneo de Madrid Biblioteca del Ateneo de Madrid Depósito 2 17/01/2008     L-13356 1006279 23/02/2023 23/02/2023 Libro impreso